Природные зоны мира - Statistics

General Stats
  • This quiz has been taken 5 times
  • The average score is 19 of 29
Answer Stats
Hint Answer % Correct
Эта природная зона занимает почти весь бассейн реки Амазонка Влажные экваториальные леса
100%
Осадков здесь выпадает меньше, чем в пустыне Сахара, только в виде снега Арктические пустыни
75%
Хозяева этой зоны — белые медведи, тюлени и моржи Арктические пустыни
75%
Самая северная из природных зон Арктические пустыни
75%
Хозяева этой зоны — белые медведи, тюлени и моржи Арктические пустыни
75%
Типичные жители: кабаны, зайцы, лисы, зубры, а из птиц — соловьи и дятлы Смешанные леса
75%
Это «море травы»: деревьев почти нет, только ковыль, типчак и разнотравье Степи
75%
Здесь живут быстроногие животные: сайгаки, сурки-байбаки, тушканчики и степные орлы Степи
75%
По этой природной зоне кочуют монголы, киргизы и другие народы Степи
75%
Эту природную зону можно встретить и в Лос-Анджелесе, и в Италии Жестколиственные леса
75%
Осадков здесь может не быть годами, а днём песок нагревается так, что можно испечь яйцо Пустыни
75%
Растения (кактусы, саксаул, верблюжья колючка) приспособились хранить воду в стволах или иметь очень длинные корни Пустыни
75%
Вместо привычных нам времён года выделяется два сезоны: "сухой сезон" и "сезон дождей" Муссонные леса
75%
Здесь всегда лето: жарко (+25...+30°) и идут ливни почти каждый день Влажные экваториальные леса
75%
Эта природная зона занимает почти весь бассейн реки Конго Влажные экваториальные леса
75%
Природные зоны здесь меняются в зависимости от высоты Области высотной поясности
75%
Там можно встретить т.н. "Альпийские луга" Области высотной поясности
75%
Действия мультфильма "Король лев" проходили именно в этой природной зоне Саванна
75%
Летом здесь тысячи комаров и мошек, а из животных водятся северные олени, песцы и лемминги Тундра
50%
По этой природной зоне кочуют ненцы, чукчи, нганасаны, долгане, саамы и другие Тундра
50%
Самый большой лес на планет Тайга
50%
Большинство деревьев вместо листьев носят иголки Тайга
50%
Ярко выражены четыре времени года: снежная зима, цветущая весна, теплое лето и дождливая осень Смешанные леса
50%
В этом лесу живут вместе и ёлки, и берёзы, и дубы, и клёны Смешанные леса
50%
По пескам здесь передвигаются верблюды, ящерицы-кругоголовки и жуки-чернотелки Пустыни
50%
Эта природная зона занимает большую часть территории Индии Муссонные леса
50%
Растения здесь — «карлики»: береза ростом по колено, ива, стелющаяся по земле и очень низкая трава. Тундра
25%
Из растений - высокая трава и толстые деревья баобабы Саванна
25%
Вид африканских степей, часто выделяемый в отдельную природную зону Саванна
25%
No matching quizzes found
Score Distribution
Percent of People with Each Score
Percentile by Number Answered
Your Score History
You have not taken this quiz